000 01350nam a2200277 4500
003 NUST
005 20260424123907.0
008 260424b |||||||| |||| 00| 0 eng d
040 _aNUST
_beng
_cNUST
_dNUST
_erda
050 _aZ672.4 HOV
100 _aHove, Siyananisiwe.
_eauthor.
245 _aRecords disaster preparedness at Zimbabwe Open University head office and the regional campus at old Post Office in Harare /
_cby Siyananisiwe Hove.
260 _aBulawayo, Zimbabwe :
_bNational University of Science and Technology ,
_c©2022.
300 _axiii, 75 pages :
_c31 cm.
_billustrations ;
336 _2rdacontent
_atext
_btxt
337 _2rdamedia
_aunmediated
_bn
338 _2rdacarrier
_avolume
_bnc
500 _aA research project submitted to the National University of Science and Technology in partial fulfilment of the Master of Science degree in Records and Archives Management.
501 _00(MSc in Records and Archives Management) National University of Science and Technology, 2022.
504 _aIncludes bibliographical references.
650 _aRecords management
_xDisaster preparedness
_zZimbabwe.
650 _aArchives
_xRisk management
_zZimbabwe.
650 _aUniversities and colleges
_xAdministration
_zZimbabwe.
700 _aDr Mehluli Masuku.
_esupervisor.
942 _2lcc
_n0
_c3HOUR
_hZ672.4
_kZ
_mHOV
999 _c172783
_d172783